000 00346nam a2200133 i 4500
001 bg
100 1 _aHYDZIK, Bolesław
245 0 _aRozwijanie samodzielności studentów w procesie dydaktycznym /
_cBolesław Hydzik.
260 _aWarszawa,
_c1977.
040 _cBPK
041 _apol
942 _cKS
008 s pl f |000 0 pol
999 _c9510
_d9510
856 _uhttp://koha.tu.koszalin.pl/cgi-bin/koha/opac-detail.pl?biblionumber=9510
_yKatalog online BPK